书目信息 |
| 题名: |
工业与民用建筑工程基础理论与监理实务
|
|
| 作者: | 张华明 主编 | |
| 分册: | ||
| 出版信息: | 北京 中国环境科学出版社 2006.12 |
|
| 页数: | 196页 | |
| 开本: | 20cm | |
| 丛书名: | ||
| 单 册: | ||
| 中图分类: | TU71 | |
| 科图分类: | ||
| 主题词: | 建筑工程--施工管理 | |
| 电子资源: | ||
| ISBN: | 7-80209-424-0 | |
| 000 | 00658nam0 2200193 450 | |
| 001 | 1137266111 | |
| 005 | 20110908102218.96 | |
| 010 | @a7-80209-424-0@dCNY24.00 | |
| 100 | @a20110908d2006 km y0chiy0120 ea | |
| 101 | 0 | @achi |
| 102 | @aCN@b110000 | |
| 200 | 1 | @a工业与民用建筑工程基础理论与监理实务@Agong ye yu min yong jian zhu gong cheng ji chu li lun yu jian li shi wu@f张华明主编@Fzhang hua ming zhu bian |
| 210 | @a北京@c中国环境科学出版社@d2006.12 | |
| 215 | @a196页@d20cm | |
| 606 | 0 | @a建筑工程@x施工管理 |
| 690 | @aTU71@v4 | |
| 701 | 0 | @a张华明@Azhang hua ming@4主编 |
| 801 | 0 | @aCN@b大连网信软件有限公司图书馆·11@c20110908 |
| 905 | @aZUCC@dTU71@eZ114 | |
| 工业与民用建筑工程基础理论与监理实务/张华明主编.-北京:中国环境科学出版社,2006.12 |
| 196页;20cm |
| ISBN 7-80209-424-0:CNY24.00 |
| ● |
| 相关链接 |
|
|
|
正题名:工业与民用建筑工程基础理论与监理实务
索取号:TU71/Z114
 
预约/预借
| 序号 | 登录号 | 条形码 | 馆藏地/架位号 | 状态 | 备注 |
| 1 | 394359 | 203943590 | 城院文库/ [索取号:TU71/Z114] | 在馆 |